Accounting for management control: an introduction. (2nd ed.) (Record no. 75598)

MARC details
000 -LEADER
fixed length control field 00856nam a2200193 a 4500
008 - FIXED-LENGTH DATA ELEMENTS--GENERAL INFORMATION
fixed length control field 100713s1970 ||||||||||||||||| || u
020 ## - INTERNATIONAL STANDARD BOOK NUMBER
International Standard Book Number 0130024368
050 ## - LIBRARY OF CONGRESS CALL NUMBER
Classification number HF 5635 Hor
100 ## - MAIN ENTRY--PERSONAL NAME
Personal name Horngren, Charles T
245 10 - TITLE STATEMENT
Title Accounting for management control: an introduction. (2nd ed.)
250 ## - EDITION STATEMENT
Edition statement 2nd ed.
260 ## - PUBLICATION, DISTRIBUTION, ETC.
Place of publication, distribution, etc. London:
Name of publisher, distributor, etc. Prentice-Hall international
Date of publication, distribution, etc. 1970
300 ## - PHYSICAL DESCRIPTION
Extent xvi, 589p. : ill.
350 ## -
-- 0.00
650 #0 - SUBJECT ADDED ENTRY--TOPICAL TERM
Topical term or geographic name entry element MANAGERIAL ACCOUNTING
650 #0 - SUBJECT ADDED ENTRY--TOPICAL TERM
Topical term or geographic name entry element ACCOUNTING--HANDBOOKS, MANUALS, ETC
995 ## -
-- MAIN LIBRARY OPEN ACCESS
-- 0.00
-- 729245
-- CBU-MAIN LIBRARY (Kitwe)
-- 1
-- 0.00
-- HF 5635 Hor
-- 2
-- AVAILABLE
-- Jul 13, 2010
-- 021337
-- Main Library Open Access Collection
995 ## -
-- ANNEX COLLECTION (Main Library)
-- 0.00
-- 729443
-- CBU-MAIN LIBRARY (Kitwe)
-- 1
-- 0.00
-- HF 5635 Hor
-- 1
-- AVAILABLE
-- Jul 13, 2010
-- 021396
-- Annex Low-Usage Collection
999 ## -
-- 75598
-- 75598
Holdings
Withdrawn status Lost status Source of classification or shelving scheme Damaged status Not for loan Permanent Location Current Location Shelving location Date acquired Total Checkouts Full call number Barcode Date last seen Copy number Price effective from Koha item type
          CBU-MAIN LIBRARY, KITWE. CBU-MAIN LIBRARY, KITWE.   03/30/2023   HF 5635 Hor 021337 03/30/2023 1 03/30/2023 MONOGRAPH
          CBU-MAIN LIBRARY, KITWE. CBU-MAIN LIBRARY, KITWE.   03/30/2023   HF 5635 Hor 021396 03/30/2023 2 03/30/2023 MONOGRAPH